000 00704nam a2200241 i 4500
001 15453
003 ES-MaACL
005 20250707071751.0
007 t|
008 000315s1999 sp ||||1| spa d
020 _a84-89846-80-4
080 _a821.133.1-31"19"
100 0 _aDuras, Marguerite,
_d1914-1996
_946279
245 1 3 _aEl dolor /
_cMarguerite Duras ; traducción Clara Janés.
250 _a1ª ed.
260 _aBarcelona :
_bAlba,
_c1999.
300 _a191 p. ;
_c22 cm.
490 1 _aA trayectos. Serie Supervivencias ;
_v9
700 1 _aJanés, Clara
_966012
830 0 _aA trayectos
_v9
_9189000
852 _aES-MaACL
_jL-22517
_bR.127889
999 _c15453
_d15453